000 01326nam a2200373Ia 4500
001 dia_1937
003 CHAP
005 20230621142856.0
008 220117s1996 xx 000 0 und d
010 _a172473
020 _a968-884-388-1
040 _cCHAP
082 _a633.61912 B35 1996
100 _aBalbín Arias, María Irene
_99624
245 _aCambios fisiológicos de la caña de azúcar ante el déficit hídrico /
_c María Irene Balbín Arias, Eduardo Ortega Delgado y Ramiro Valdez Carmenate
260 _aMéxico :
_b UACh,
_c1996
300 _a135 p.
504 _aBibliografía: p. 121-135
590 _aSB231 B35 1996
650 _aCaña de azúcar
_xCrecimiento y desarrollo
_9151869
650 _aDéficit de agua en el suelo
_9151870
650 _aFisiología vegetal
_941136
650 _aPlant physiology
_9148420
650 _aPlant
_xwater relations
_9151871
650 _aRelaciones planta
_xagua
_9139598
650 _aSoil water deficit
_9151872
650 _aSugar cane
_xGrowth and development
_9151873
700 _aOrtega Delgado, Eduardo, coaut.
_9144397
700 _aValdez Carmenate, Ramiro, coaut.
_9144396
901 _a633.61912 B35 1996
902 _aM
905 _a5232271996 mx mn 8223223322spa16
942 _cLIBRO
_2ddc
999 _c172473
_d172473